| 000 -LEADER |
| fixed length control field |
00744nam a22002057a 4500 |
| 008 - FIXED-LENGTH DATA ELEMENTS--GENERAL INFORMATION |
| fixed length control field |
201104b ||||| |||| 00| 0 eng d |
| 040 ## - CATALOGING SOURCE |
| Original cataloging agency |
BMS College of Architecture |
| 100 ## - MAIN ENTRY--PERSONAL NAME |
| Personal name |
Revankar, Aishwarya M |
| 245 ## - TITLE STATEMENT |
| Title |
Design strategies and guidelines for children friendly neighborhood-A case of Horamavau, Bengalore |
| 300 ## - PHYSICAL DESCRIPTION |
| Extent |
iv, 42p. |
| 502 ## - DISSERTATION NOTE |
| Degree type |
M.Arch (Habitat Design) |
| Dissertation note |
Dissertation |
| Year degree granted |
2019 |
| Name of granting institution |
BMS College of Architecture, Visvesvaraya Technological University (VTU) |
| 650 ## - SUBJECT ADDED ENTRY--TOPICAL TERM |
| Topical term or geographic name as entry element |
Dissertations |
| 650 ## - SUBJECT ADDED ENTRY--TOPICAL TERM |
| Topical term or geographic name as entry element |
Design strategies |
| 650 ## - SUBJECT ADDED ENTRY--TOPICAL TERM |
| Topical term or geographic name as entry element |
Children friendly neighborhood |
| 700 ## - ADDED ENTRY--PERSONAL NAME |
| Personal name |
Mamtha P Raj |
| Relator term |
Guide |
| 700 ## - ADDED ENTRY--PERSONAL NAME |
| Personal name |
Rachana DR |
| Relator term |
Guide |
| 700 ## - ADDED ENTRY--PERSONAL NAME |
| Personal name |
Pooja S |
| Relator term |
Guide |
| 700 ## - ADDED ENTRY--PERSONAL NAME |
| Personal name |
Sadashiv Chakravarthy |
| Relator term |
Guide |
| 942 ## - ADDED ENTRY ELEMENTS (KOHA) |
| Source of classification or shelving scheme |
|
| Koha item type |
UG-Thesis and Dissertations |